[Event "It (blitz) ACP (Prelim2)"]
[Site "masterchessopen.com Internet"]
[Date "2004.04.13"]
[Round "17"]
[White "Zhukova Natalia (UKR)"]
[Black "Shomoev Anton (RUS)"]
[Result "1-0"]
[WhiteElo "2481"]
[BlackElo "2486"]

1.d4 Nf6 2.c4 g6 3.Nc3 d5 4.cxd5 Nxd5 5.e4 Nxc3 6.bxc3 Bg7 7.Bc4 O-O 8.Ne2 c5
9.O-O Nc6 10.Be3 Bg4 11.f3 Na5 12.Bd3 cxd4 13.cxd4 Be6 14.d5 Bxa1 15.Qxa1 f6
16.Bh6 Re8 17.Kh1 Rc8 18.Nf4 Bd7 19.e5 Nc4 20.e6 Bb5 21.Qe1 Nd6 22.Bb1 Bxf1
23.Nxg6 Qb6 24.Qg3 Bxg2+ 25.Kxg2 Qb2+ 26.Kh3 f5 27.Ne5+ {#r} 1-0

[Event "It (open)"]
[Site "masterchessopen.com Sofia (Bulgaria)"]
[Date "2004.04.24"]
[Round "2"]
[White "Tsvetkov Ludmil"]
[Black "Filev Georgi (BUL)"]
[Result "1-0"]
[WhiteElo "2160"]
[BlackElo "2117"]

1.d4 Nf6 2.c4 g6 3.Nc3 d5 4.cxd5 Nxd5 5.e4 Nxc3 6.bxc3 Bg7 7.Bc4 c5 8.Ne2 Nc6
9.Be3 O-O 10.O-O Bg4 11.f3 Na5 12.Bd3 cxd4 13.cxd4 Be6 14.Qd2 Nc4 15.Bxc4 Bxc4
16.Rfd1 Rc8 17.Rac1 Qd7 18.Ng3 Qa4 19.Rc2 Ba6 20.Rdc1 Rcd8 21.d5 h5 22.Rc7
Rfe8 23.Bc5 Bf6 24.f4 Bh4 25.Bd4 Rd7 26.f5 Bg5 27.Be3 Rxc7 28.Rxc7 Bxe3+
29.Qxe3 Qd1+ 30.Kf2 h4 31.Ne2 Bxe2 32.Qxe2 Qh1 33.Qg4 Qxh2 34.Rxb7 Qd6 35.fxg6
Qf6+ 36.Qf5 Qd4+ 37.Kf3 Rf8 38.Kg4 {#r} 1-0

[Event "Ch Sweden (juniors)"]
[Site "masterchessopen.com Sweden"]
[Date "2004.07.18"]
[Round "8"]
[White "Ylonen Anders (SWE)"]
[Black "Forsberg Viktor (SWE)"]
[Result "1-0"]
[WhiteElo "2090"]
[BlackElo "2137"]

1.d4 Nf6 2.c4 g6 3.Nc3 d5 4.cxd5 Nxd5 5.e4 Nxc3 6.bxc3 Bg7 7.Bc4 c5 8.Ne2 O-O
9.O-O Nc6 10.Be3 Bg4 11.f3 Na5 12.Bd3 cxd4 13.cxd4 Be6 14.d5 Bxa1 15.Qxa1 f6
16.Bh6 Re8 17.Kh1 Bd7 18.e5 Rc8 19.Ng3 Nc4 20.Bxc4 Rxc4 21.Ne4 Qb6 22.Rd1 Rxe4
23.fxe4 fxe5 24.Qxe5 Qf6 25.Qg3 e5 26.h3 b6 27.Rd2 Rd8 28.Rf2 Qe7 29.Qf3 Re8
{#r} 1-0

[Event "Ch Europe (juniors) (under 16)"]
[Site "masterchessopen.com Urgup (Turkey)"]
[Date "2004.07.29"]
[Round "1"]
[White "Tulay Berkay (TUR)"]
[Black "Sanikidze Tornike (GEO)"]
[Result "0-1"]
[WhiteElo "2122"]
[BlackElo "2364"]

1.d4 Nf6 2.c4 g6 3.Nc3 d5 4.cxd5 Nxd5 5.e4 Nxc3 6.bxc3 Bg7 7.Bc4 c5 8.Ne2 O-O
9.O-O cxd4 10.cxd4 Nc6 11.Be3 Bg4 12.f3 Na5 13.Bd3 Be6 14.d5 Bxa1 15.Qxa1 f6
16.g4 b6 17.g5 Bd7 18.e5 Bh3 19.Rd1 Qxd5 20.Be4 Qxe5 21.Bd5+ Kg7 22.Qxe5 fxe5
23.f4 Rad8 24.Nc3 e6 {#R} 0-1

[Event "It (open)"]
[Site "masterchessopen.com Reunion (France)"]
[Date "2004.10.10"]
[Round "3"]
[White "Gilles Francois (FRA)"]
[Black "Caron Antoine (FRA)"]
[Result "1-0"]
[WhiteElo "1728"]
[BlackElo "1450"]

1.d4 Nf6 2.c4 g6 3.Nc3 d5 4.cxd5 Nxd5 5.e4 Nxc3 6.bxc3 Bg7 7.Bc4 c5 8.Ne2 O-O
9.Be3 cxd4 10.cxd4 Nc6 11.O-O Bg4 12.f3 Na5 13.Bd3 Be6 14.Qd2 Nc4 15.Bxc4 Bxc4
16.Rac1 b5 17.Rfd1 Rc8 18.d5 a6 19.Nd4 Qd6 20.Nc6 Rfe8 21.Qa5 Bb2 22.Rc2 Rxc6
23.Rxb2 Rcc8 24.Qd2 Rc7 25.Bf4 Qc5+ 26.Kh1 Rd7 27.Bh6 f6 28.Qc3 Kf7 29.g4 Rb8
30.Rbd2 b4 31.Qa1 g5 32.f4 Rg8 33.fxg5 fxg5 34.Qe5 Rg6 35.Qf5+ Rf6 36.Qxh7+
{#r} 1-0

[Event "Cup of \"]
[Site "masterchessopen.com Tula (Russia)"]
[Date "2004.11.25"]
[Round "9"]
[White "Khanov Vjacheslav (RUS)"]
[Black "Biriukov Ilja (RUS)"]
[Result "1-0"]
[WhiteElo "2216"]
[BlackElo "2256"]

1.d4 Nf6 2.c4 g6 3.Nc3 d5 4.cxd5 Nxd5 5.e4 Nxc3 6.bxc3 Bg7 7.Bc4 c5 8.Ne2 Nc6
9.Be3 O-O 10.O-O cxd4 11.cxd4 Bg4 12.f3 Na5 13.Bd3 Be6 14.d5 Bxa1 15.Qxa1 f6
16.Bh6 Re8 17.Nd4 Bd7 18.e5 fxe5 19.Ne6 Qb6+ 20.Kh1 Qd6 21.Ng5 Qxd5 22.Be4 Qd4
23.Qb1 Qb6 24.Qd3 Qd4 25.Qa3 Nc6 26.Qb3+ e6 27.Rd1 Qf2 28.Nh3 {#r} 1-0

[Event "Tournament"]
[Site "masterchessopen.com Naberezhnye Chelny (Russia)"]
[Round "13"]
[White "Murzin Lenar (RUS)"]
[Black "Zakirov Rafael (TKM)"]
[Result "0-1"]
[WhiteElo "2206"]
[BlackElo "2185"]

1.d4 Nf6 2.c4 g6 3.Nc3 d5 4.cxd5 Nxd5 5.e4 Nxc3 6.bxc3 Bg7 7.Bc4 c5 8.Ne2 O-O
9.O-O cxd4 10.cxd4 Nc6 11.Be3 Bg4 12.f3 Na5 13.Bd3 Be6 14.d5 Bxa1 15.Qxa1 Bd7
16.Bh6 Qb6+ 17.Kh1 f6 18.Rb1 Qc5 19.Rc1 Qb6 20.Bxf8 Kxf8 21.Rc3 Rc8 22.Rxc8+
Bxc8 23.Qc1 Bd7 24.Qh6+ Kg8 25.h4 Qf2 26.Kh2 b5 27.Ng3 Nc4 28.Bxc4 bxc4 29.e5
Qd4 30.exf6 exf6 31.Ne4 f5 32.Qg5 Qe5+ 33.Kg1 Qa1+ 34.Kf2 Qb2+ 35.Ke1 Qb4+
36.Kf2 Qb6+ 37.Ke1 fxe4 38.h5 e3 39.Qe7 Qb1+ {#R} 0-1

[Event "Ch Scotland (open)"]
[Site "masterchessopen.com Oban (Scotland)"]
[Round "3"]
[White "Stewart Kenneth (SCO)"]
[Black "Campbell Eoin (SCO)"]
[Result "1-0"]
[WhiteElo "2115"]
[BlackElo "1918"]

1.d4 Nf6 2.c4 g6 3.Nc3 d5 4.cxd5 Nxd5 5.e4 Nxc3 6.bxc3 c5 7.Bc4 Bg7 8.Ne2 Nc6
9.Be3 O-O 10.O-O Bg4 11.f3 Na5 12.Bd3 cxd4 13.cxd4 Be6 14.Rc1 Bxa2 15.Qd2 Be6
16.Qb4 Nc6 17.Qxb7 Nxd4 18.Rfd1 Nxe2+ 19.Bxe2 Qa5 20.Qxe7 Rfe8 21.Qb7 Reb8
22.Qa6 Qxa6 23.Bxa6 Rb2 24.Rc7 Ra2 25.Bb7 Rb8 26.Bd5 a5 27.Bxa2 Bxa2 28.Rdc1
Bf6 29.Rc8+ Rxc8 30.Rxc8+ Kg7 31.Ra8 Bc3 32.Bb6 {#r} 1-0

[Event "Ch France (team) (nat.2) 2004/05"]
[Site "masterchessopen.com France"]
[Date "2005.01.08"]
[Round "5"]
[White "Coutton Sylvain (FRA)"]
[Black "Grollemund Bertrand (FRA)"]
[Result "1-0"]
[WhiteElo "2146"]
[BlackElo "2163"]

1.d4 Nf6 2.c4 g6 3.Nc3 d5 4.cxd5 Nxd5 5.e4 Nxc3 6.bxc3 c5 7.Bc4 Bg7 8.Ne2 O-O
9.O-O Nc6 10.Be3 Bg4 11.f3 Na5 12.Bd3 cxd4 13.cxd4 Be6 14.d5 Bxa1 15.Qxa1 f6
16.Bh6 Qb6+ 17.Kh1 Rfd8 18.Rb1 Qd6 19.Qc3 b6 20.Bf4 Qd7 21.Bb5 Qc8 22.dxe6
Qxe6 23.Bc7 Rdc8 24.Ba6 Rf8 25.Rd1 Rf7 26.a3 Raf8 27.Nf4 Qa2 28.Ra1 Qf2 29.Ne6
Ra8 30.Bg3 {#r} 1-0

[Event "Ch England (team) 2004/05 (4 div)"]
[Site "masterchessopen.com England"]
[Date "2005.01.16"]
[Round "4"]
[White "Butterworth Paul"]
[Black "Twitchell Neville (ENG)"]
[Result "0-1"]
[WhiteElo "1910"]
[BlackElo "2000"]

1.d4 Nf6 2.c4 g6 3.Nc3 d5 4.cxd5 Nxd5 5.e4 Nxc3 6.bxc3 Bg7 7.Bc4 c5 8.Be3 O-O
9.Ne2 Nc6 10.O-O Bg4 11.f3 cxd4 12.cxd4 Na5 13.Bd3 Be6 14.a4 Bc4 15.Rb1 Rc8
16.d5 b6 17.Nd4 e6 18.Nb5 Qd7 19.Bxc4 Nxc4 20.Bd4 Bh6 21.dxe6 Qxe6 22.Nxa7
Rcd8 23.Nb5 Nd2 24.Rb2 Nxf1 25.Kxf1 Qc4+ 26.Kf2 Bg7 27.Rd2 Bxd4+ 28.Nxd4 Ra8
29.Rb2 Rfd8 {#R} 0-1

[Event "Czech League 2004/05 (2nd) (a)"]
[Site "masterchessopen.com Czech Republic"]
[Date "2005.02.06"]
[Round "7"]
[White "Blazek Jiri (CZE)"]
[Black "Burdik Lubomir (CZE)"]
[Result "1-0"]
[WhiteElo "2207"]
[BlackElo "2184"]

1.d4 Nf6 2.c4 g6 3.Nc3 d5 4.cxd5 Nxd5 5.e4 Nxc3 6.bxc3 Bg7 7.Bc4 O-O 8.Ne2 c5
9.O-O Nc6 10.Be3 Bg4 11.f3 cxd4 12.cxd4 Na5 13.Bd3 Be6 14.d5 Bxa1 15.Qxa1 f6
16.Rb1 Bd7 17.Bh6 Rf7 18.e5 e6 19.Nf4 fxe5 20.Qxe5 exd5 21.Nxg6 hxg6 22.Bxg6
Qf6 23.Bxf7+ Qxf7 24.Rb4 Nc4 25.Qg5+ Kh7 26.Rxb7 Nb6 27.Qh4 Kg8 28.Be3 Re8
29.Bd4 Qe7 30.Qh8+ Kf7 31.Qg7+ Ke6 32.Qg6+ {#r} 1-0

[Event "It (open)"]
[Site "masterchessopen.com Coventry (England)"]
[Date "2005.03.26"]
[Round "4"]
[White "Wu Li (ENG)"]
[Black "Chakanyuka Charles (ZIM)"]
[Result "1-0"]
[WhiteElo "2287"]
[BlackElo "2123"]

1.d4 Nf6 2.c4 g6 3.Nc3 d5 4.cxd5 Nxd5 5.e4 Nxc3 6.bxc3 Bg7 7.Bc4 c5 8.Ne2 O-O
9.O-O Nc6 10.Be3 Bg4 11.f3 Na5 12.Bd3 cxd4 13.cxd4 Be6 14.d5 Bxa1 15.Qxa1 f6
16.Bh6 Re8 17.Kh1 Bf7 18.Bb5 e5 19.Bxe8 Qxe8 20.Qc3 Qb5 21.Rc1 Re8 22.Ng3 Rd8
23.f4 Re8 24.fxe5 fxe5 25.Rf1 Nc4 26.Qf3 {#r} 1-0

[Event "It (cat.4)"]
[Site "masterchessopen.com Copenhagen (Denmark)"]
[Date "2005.04.07"]
[Round "6"]
[White "Lund Esben (DEN)"]
[Black "Pedersen Christian Kyndel (DEN)"]
[Result "1-0"]
[WhiteElo "2290"]
[BlackElo "2387"]

1.d4 Nf6 2.c4 g6 3.Nc3 d5 4.cxd5 Nxd5 5.e4 Nxc3 6.bxc3 Bg7 7.Bc4 c5 8.Ne2 Nc6
9.Be3 O-O 10.O-O Bg4 11.f3 Na5 12.Bd3 cxd4 13.cxd4 Be6 14.d5 Bxa1 15.Qxa1 f6
16.Qe1 Bf7 17.Qb4 b6 18.Bh6 e6 19.Rd1 exd5 20.Nc3 d4 21.Bb5 a6 22.Rxd4 Qb8
23.Bd7 Qc7 24.Nd5 Bxd5 25.Rxd5 Rf7 26.Be6 b5 27.Qd4 Nc6 28.Rd7 Qa5 29.Bxf7+
Kh8 30.Qxf6# 1-0

[Event "It (cat.8)"]
[Site "masterchessopen.com Chicago (USA)"]
[Date "2005.04.19"]
[Round "7"]
[White "Karagianis Pete (USA)"]
[Black "Van De Mortel Jan (NED)"]
[Result "0-1"]
[WhiteElo "2254"]
[BlackElo "2412"]

1.d4 Nf6 2.c4 g6 3.Nc3 d5 4.cxd5 Nxd5 5.e4 Nxc3 6.bxc3 Bg7 7.Bc4 c5 8.Ne2 O-O
9.O-O Nc6 10.Be3 Bg4 11.f3 cxd4 12.cxd4 Na5 13.Bd3 Be6 14.d5 Bxa1 15.Qxa1 f6
16.Kh1 Re8 17.Bh6 Rc8 18.Qd4 Bd7 19.e5 Qb6 20.Qf4 fxe5 21.Qg3 Qf6 22.Bg5 Qd6
23.Bh6 e4 24.fxe4 Qxg3 25.Nxg3 Nc4 26.Rb1 b5 27.h3 a6 28.Bf4 Rf8 29.Ne2 e6
30.Bh6 Rfe8 31.Nf4 e5 32.Ne2 Nd6 33.Bd2 Nb7 34.Ng1 Nc5 35.Bc2 a5 36.Nf3 b4
37.Be1 Ba4 38.Bxa4 Nxa4 39.a3 Nc3 40.axb4 {#R} 0-1

[Event "Ch Croatia (team) (3rd league)"]
[Site "masterchessopen.com Croatia"]
[Date "2005.05.08"]
[Round "4"]
[White "Okrosa Marijan (CRO)"]
[Black "Frouth Nenad (CRO)"]
[Result "0-1"]
[WhiteElo "2010"]
[BlackElo "2154"]

1.d4 Nf6 2.c4 g6 3.Nc3 d5 4.cxd5 Nxd5 5.e4 Nxc3 6.bxc3 Bg7 7.Bc4 c5 8.Ne2 Nc6
9.Be3 O-O 10.O-O Bg4 11.f3 Na5 12.Bd3 cxd4 13.cxd4 Be6 14.d5 Bxa1 15.Qxa1 f6
16.Bh6 Re8 17.Kh1 a6 18.Nf4 Bd7 19.e5 Bb5 20.Bxb5 axb5 21.Rd1 Qc7 22.exf6 exf6
23.Qxf6 Qe5 24.Qxe5 Rxe5 25.Nh3 Rae8 26.Kg1 Re1+ 27.Rxe1 Rxe1+ 28.Kf2 Rd1
29.Nf4 Nc4 30.Bg5 Rd2+ 31.Kg3 Rxa2 32.Nd3 Ra3 33.Nc5 b4 34.Nxb7 b3 35.Bf6 b2
{#R} 0-1

[Event "Ch Ukraine (w)"]
[Site "masterchessopen.com Alushta (Ukraine)"]
[Date "2005.05.19"]
[Round "4"]
[White "Alexanian Nelli (RUS)"]
[Black "Orlyanskaya Darya (UKR)"]
[Result "1-0"]
[WhiteElo "2161"]
[BlackElo "2105"]

1.d4 Nf6 2.c4 g6 3.Nc3 d5 4.cxd5 Nxd5 5.e4 Nxc3 6.bxc3 c5 7.Bc4 Bg7 8.Ne2 Nc6
9.Be3 O-O 10.O-O Bg4 11.f3 cxd4 12.cxd4 Na5 13.Bd3 Be6 14.d5 Bxa1 15.Qxa1 f6
16.Bh6 Re8 17.Kh1 Bd7 18.e5 Rf8 19.Bxf8 Kxf8 20.f4 Rc8 21.f5 g5 22.d6 exd6
23.exf6 Kf7 24.Ng3 Qb6 25.Qd1 Qe3 26.Qh5+ Kg8 27.Qh6 {#r} 1-0

[Event "Tournament (Elo)"]
[Site "masterchessopen.com Budapest (Hungary)"]
[Date "2005.07.11"]
[Round "10"]
[White "Graf Felix (GER)"]
[Black "Katsuhara Osamu (JPN)"]
[Result "1-0"]
[WhiteElo "2187"]
[BlackElo "2133"]

1.d4 Nf6 2.c4 g6 3.Nc3 d5 4.cxd5 Nxd5 5.e4 Nxc3 6.bxc3 Bg7 7.Bc4 c5 8.Ne2 O-O
9.O-O Nc6 10.Be3 Bg4 11.f3 Na5 12.Bd3 cxd4 13.cxd4 Be6 14.d5 Bxa1 15.Qxa1 f6
16.Rd1 Bd7 17.e5 Ba4 18.Rd2 fxe5 19.Qxe5 Qd6 20.Qd4 Bd7 21.Ng3 e5 22.Qh4 Qf6
23.Qb4 b6 24.Ne4 Qg7 25.Bg5 Bf5 26.d6 Rac8 27.Be7 Bd7 28.Bb5 Rc1+ 29.Kf2 Nc6
30.Qb2 Rh1 31.Qb3+ Kh8 32.Bxf8 Qxf8 33.Bxc6 Bxc6 34.d7 Bxd7 35.Rxd7 Qf4 36.Qe6
Qh4+ 37.Ng3 {#r} 1-0

[Event "It (open)"]
[Site "masterchessopen.com Vlissingen (Netherlands)"]
[Date "2005.08.09"]
[Round "4"]
[White "Sparreboom Willem (NED)"]
[Black "Beeke Bobby (NED)"]
[Result "0-1"]
[WhiteElo "2028"]
[BlackElo "2167"]

1.d4 Nf6 2.c4 g6 3.Nc3 d5 4.cxd5 Nxd5 5.e4 Nxc3 6.bxc3 Bg7 7.Bc4 c5 8.Ne2 O-O
9.O-O Nc6 10.Be3 Bg4 11.f3 Na5 12.Bd3 cxd4 13.cxd4 Be6 14.d5 Bxa1 15.Qxa1 f6
16.Bh6 Re8 17.Kh1 Bd7 18.Ng3 Rc8 19.e5 Qc7 20.e6 Ba4 21.Qd4 b5 22.Qg4 Kh8
23.Nf5 Rg8 24.Bf4 Qc3 25.Nh6 Rg7 26.Nf7+ Kg8 27.Bb1 Qc4 28.Re1 Qxd5 29.Bh6 Nc4
30.Bxg7 Kxg7 31.Qh4 Qd2 32.f4 Ne3 33.Be4 Rc1 34.Rg1 Ng4 35.h3 Rxg1+ 36.Kxg1
Qd1+ {#R} 0-1

[Event "It (open)"]
[Site "masterchessopen.com Vlissingen (Netherlands)"]
[Date "2005.08.13"]
[Round "8"]
[White "Halay Taufik (INA)"]
[Black "Tiggelman Rene (NED)"]
[Result "0-1"]
[WhiteElo "2369"]
[BlackElo "2219"]

1.d4 Nf6 2.c4 g6 3.Nc3 d5 4.cxd5 Nxd5 5.e4 Nxc3 6.bxc3 Bg7 7.Bc4 c5 8.Ne2 O-O
9.O-O Nc6 10.Be3 cxd4 11.cxd4 Bg4 12.f3 Na5 13.Bd3 Be6 14.Qa4 a6 15.Qb4 Nc6
16.Qxb7 Nxd4 17.Nf4 Qd6 18.Nxe6 Nxe6 19.Rad1 Bd4 20.Bf2 Nf4 21.Qb3 Rab8 22.Qc4
Bxf2+ 23.Rxf2 Rfc8 24.Qxa6 Rc6 25.e5 Qc5 26.Qa4 Rb2 27.Kh1 Qxf2 28.Bf1 Nh3
{#R} 0-1

[Event "It (open) \"]
[Site "masterchessopen.com Belgrade (Yugoslavia)"]
[Date "2005.08.17"]
[Round "3"]
[White "Stamenkovic Aleksandar (SRB)"]
[Black "Sarenac David (SRB)"]
[Result "0-1"]
[WhiteElo "2260"]
[BlackElo "2154"]

1.d4 Nf6 2.c4 g6 3.Nc3 d5 4.cxd5 Nxd5 5.e4 Nxc3 6.bxc3 Bg7 7.Bc4 O-O 8.Ne2 c5
9.O-O Nc6 10.Be3 cxd4 11.cxd4 Bg4 12.f3 Na5 13.Bd3 Be6 14.Rc1 Bxa2 15.Qa4 Be6
16.d5 b6 17.Rfd1 Bd7 18.Qb4 Re8 19.Bf4 Rc8 20.Rxc8 Qxc8 21.Rc1 Qd8 22.Bc7 Qa8
23.Bg3 Nb7 24.e5 e6 25.d6 Nc5 26.Bb5 Qb7 27.Nd4 Rc8 28.Bxd7 Nxd7 29.Rxc8+ Qxc8
30.f4 g5 31.Nf3 gxf4 32.Qxf4 Qc5+ 33.Bf2 Qc2 34.g4 a5 35.Bg3 a4 36.Ng5 Nxe5
37.Ne4 Nd7 38.g5 a3 39.Nf6+ Bxf6 40.gxf6 a2 {#R} 0-1

[Event "Ch Austria"]
[Site "masterchessopen.com Gmunden (Austria)"]
[Date "2005.08.17"]
[Round "7"]
[White "Freitag Manfred (AUT)"]
[Black "Neubauer Martin (AUT)"]
[Result "0-1"]
[WhiteElo "2419"]
[BlackElo "2442"]

1.d4 Nf6 2.c4 g6 3.Nc3 d5 4.cxd5 Nxd5 5.e4 Nxc3 6.bxc3 Bg7 7.Bc4 c5 8.Ne2 O-O
9.O-O Nc6 10.Be3 Bg4 11.f3 Na5 12.Bd3 cxd4 13.cxd4 Be6 14.d5 Bxa1 15.Qxa1 f6
16.Bh6 Re8 17.Nd4 Bd7 18.e5 Rc8 19.f4 Nc4 20.Re1 Qb6 21.Rb1 Qc5 22.e6 Ba4
23.Bxc4 Qxc4 24.d6 Red8 25.d7 Bxd7 26.exd7 Rxd7 27.Nb3 Qe2 28.Re1 Qh5 29.Bg5
fxg5 30.Qe5 Rcd8 31.fxg5 Qg4 {#R} 0-1

[Event "It (open)"]
[Site "masterchessopen.com Boxborough (USA)"]
[Date "2005.09.04"]
[Round "3"]
[White "Klegon Matthew L (USA)"]
[Black "Enkin Max (USA)"]
[Result "0-1"]
[WhiteElo "2131"]
[BlackElo "2261"]

1.d4 Nf6 2.c4 g6 3.Nc3 d5 4.cxd5 Nxd5 5.e4 Nxc3 6.bxc3 Bg7 7.Bc4 c5 8.Ne2 O-O
9.O-O Nc6 10.Be3 Bg4 11.f3 Na5 12.Bd3 cxd4 13.cxd4 Be6 14.d5 Bxa1 15.Qxa1 f6
16.Bh6 Re8 17.Qd4 Bd7 18.Rb1 b5 19.e5 fxe5 20.Qxe5 Qb6+ 21.Be3 Qf6 22.Qc7 Bf5
23.Be4 Nc4 24.Bf4 a6 25.g4 Rec8 26.Bxf5 Rxc7 27.Be6+ Kg7 28.Bxc7 Qxf3 29.Rf1
Qe3+ 30.Kh1 Rf8 31.Nf4 Qe4+ 32.Kg1 Ne3 33.d6 Rxf4 {#R} 0-1

[Event "It (open)"]
[Site "masterchessopen.com Hamburg (Germany)"]
[Date "2005.10.06"]
[Round "6"]
[White "Floor Dick (NED)"]
[Black "Beisser Jacob (GER)"]
[Result "1-0"]
[WhiteElo "2222"]
[BlackElo "2066"]

1.d4 Nf6 2.c4 g6 3.Nc3 d5 4.cxd5 Nxd5 5.e4 Nxc3 6.bxc3 Bg7 7.Bc4 O-O 8.Ne2 c5
9.O-O Nc6 10.Be3 Bg4 11.f3 Na5 12.Bd3 cxd4 13.cxd4 Be6 14.d5 Bxa1 15.Qxa1 f6
16.Bh6 Bd7 17.Bxf8 Kxf8 18.e5 Be8 19.Nf4 Qb6+ 20.Kh1 Rc8 21.Ne6+ Kf7 22.Qe1
Bb5 23.Qe2 Bxd3 24.Qxd3 Nc4 25.exf6 Qe3 26.Qb1 Nd2 27.Qxb7 Re8 28.Rg1 Nxf3
29.Rf1 Qe2 30.Qb1 Nd2 31.Ng5+ Kf8 32.Nxh7+ Kf7 33.Ng5+ Kf8 34.fxe7+ Kxe7
35.Qb7+ Kd6 36.Qc6+ {#r} 1-0

[Event "It (open)"]
[Site "masterchessopen.com Tulsa (USA)"]
[Date "2005.10.17"]
[Round "4"]
[White "Claassen Chris (USA)"]
[Black "Lee Marvin (USA)"]
[Result "1-0"]
[WhiteElo "2071"]
[BlackElo "1919"]

1.d4 Nf6 2.c4 g6 3.Nc3 d5 4.cxd5 Nxd5 5.e4 Nxc3 6.bxc3 Bg7 7.Bc4 O-O 8.Ne2 c5
9.O-O Nc6 10.Be3 cxd4 11.cxd4 Bg4 12.f3 Na5 13.Bd3 Be6 14.Rc1 Bxa2 15.d5 Bb2
16.Rc5 Ba3 17.Rb5 Bd6 18.Qa4 Bxd5 19.exd5 b6 20.Qa1 Qc7 21.h3 Be5 22.Bd4 Bxd4+
23.Qxd4 Nb7 24.Nc3 Nc5 25.Ne4 Nxd3 26.Qxd3 Rac8 27.Qa3 Qd7 28.Rfb1 Rc2 29.d6
Re8 30.Re5 Kg7 31.Rxe7 Rxe7 32.dxe7 f5 33.Qa1+ Kh6 34.Qe5 Rc8 35.Nf6 Qd3
36.Re1 {#r} 1-0

[Event "Ch World (juniors) (under 20) (g)"]
[Site "masterchessopen.com Istanbul (Turkey)"]
[Date "2005.11.17"]
[Round "8"]
[White "Harika Dronavalli (IND)"]
[Black "Khotenashvili Bela (GEO)"]
[Result "1-0"]
[WhiteElo "2392"]
[BlackElo "2288"]

1.d4 Nf6 2.c4 g6 3.Nc3 d5 4.cxd5 Nxd5 5.e4 Nxc3 6.bxc3 Bg7 7.Bc4 c5 8.Ne2 O-O
9.Be3 cxd4 10.cxd4 Nc6 11.O-O Na5 12.Bd3 Bg4 13.f3 Be6 14.d5 Bxa1 15.Qxa1 f6
16.Bh6 Re8 17.Kh1 a6 18.Nf4 Bf7 19.e5 e6 20.Qe1 f5 21.Qg3 exd5 22.Bxf5 Nc6
23.Nxg6 Bxg6 24.Bxg6 Re7 25.Be8+ Kh8 26.Bxc6 bxc6 27.e6 Qe8 28.Qe5+ Kg8
29.Qg5+ Kh8 30.Re1 Rb8 31.h3 Rbb7 32.Qf6+ Kg8 33.Re5 Rg7 34.e7 Rgxe7 35.Rg5+
{#r} 1-0

[Event "It (open)"]
[Site "masterchessopen.com Boeblingen (Germany)"]
[Date "2005.12.28"]
[Round "5"]
[White "Olzem Lothar (GER)"]
[Black "Kuhn Gerhard (GER)"]
[Result "0-1"]
[WhiteElo "2202"]
[BlackElo "2048"]

1.d4 Nf6 2.c4 g6 3.Nc3 d5 4.cxd5 Nxd5 5.e4 Nxc3 6.bxc3 c5 7.Bc4 Bg7 8.Ne2 cxd4
9.cxd4 Nc6 10.Be3 O-O 11.O-O Bg4 12.f3 Na5 13.Bd3 Be6 14.d5 Bxa1 15.Qxa1 f6
16.Bh6 Re8 17.Kh1 Rc8 18.Nf4 Bd7 19.e5 Nc4 20.e6 Ba4 21.Qd4 Qb6 22.Qa1 Ne5
23.Rb1 Qe3 24.Be4 Qc3 25.Qxc3 Rxc3 26.Ne2 Rc7 27.Rb4 b5 28.f4 Ng4 {#R} 0-1

[Event "Ch Australia"]
[Site "masterchessopen.com Brisbane (Australia)"]
[Date "2006.01.03"]
[Round "6"]
[White "Zhao Zong-Yuan (AUS)"]
[Black "Obst James (AUS)"]
[Result "1-0"]
[WhiteElo "2455"]
[BlackElo "2106"]

1.d4 Nf6 2.c4 g6 3.Nc3 d5 4.cxd5 Nxd5 5.e4 Nxc3 6.bxc3 Bg7 7.Bc4 O-O 8.Be3 c5
9.Ne2 Nc6 10.O-O cxd4 11.cxd4 Bg4 12.f3 Na5 13.Bd3 Be6 14.d5 Bxa1 15.Qxa1 f6
16.Bh6 Re8 17.Nd4 Bd7 18.e5 Rc8 19.Rb1 Qc7 20.e6 Ba4 21.Rb4 Qc3 22.Qxc3 Rxc3
23.Be2 Ra3 24.d6 exd6 25.Rxa4 Rxa4 26.Bb5 Rxe6 27.Bxa4 Re1+ 28.Kf2 Ra1 29.Bd7
Rxa2+ 30.Kg3 Rb2 31.Be6+ Kh8 32.Bf7 Re2 33.Nxe2 Nc6 34.Bd5 {#r} 1-0

[Event "It (open)"]
[Site "masterchessopen.com Sevilla (Spain)"]
[Date "2006.01.13"]
[Round "7"]
[White "Del Rio Angelis Salvador G (ESP)"]
[Black "Enjuto Velasco Roberto (ESP)"]
[Result "1-0"]
[WhiteElo "2492"]
[BlackElo "2183"]

1.d4 Nf6 2.c4 g6 3.Nc3 d5 4.cxd5 Nxd5 5.e4 Nxc3 6.bxc3 Bg7 7.Bc4 O-O 8.Ne2 c5
9.O-O Nc6 10.Be3 Bg4 11.f3 Na5 12.Bd3 cxd4 13.cxd4 Be6 14.d5 Bxa1 15.Qxa1 f6
16.Qe1 b6 17.Bh6 Re8 18.Nf4 Bf7 19.e5 Bxd5 20.Qg3 g5 21.Bxg5 Kh8 22.Qh3 Bg8
23.Ng6+ {#r} 1-0